000 01219nam a22002537a 4500
003 UA-OsUOA
001 127053
007 ta
008 20171117b un ||||| |||| 00| 0 ukr d
100 _aДочу А. Р.
090 _a811'111'373.613
_bД71
942 _cBK
040 _aUA-OsUOA
_bukr
_cUA-OsUOA
_dUA-OsUOA
245 _aМовні контакти і запозичення як чинник формування тематичних груп лексики
_bмонографія
300 _a207 с.
955 _a1
041 _aukr
080 _a811'111'373.613
020 _a978-966-00-1600-2
520 3 _aЗміст1 Теоретичні питання вивчення іншомовних впливів наформування тематичних груп лексики2. ТГ орнітонімів давньоанглійського та середньоанглійського періодів3. ТГ орнітонімів новоанглійського періоду
260 _aК.
_bНаукова думка
_c2017
650 7 _a8 Мовознавство. Художня література. Літературознавство
_2UDC
999 _c414227
_d414227